000 00610cab a2200217 4500
001 WB3425-29
008 090401t1998 xxu||||| |||| 00| 0 eng d
035 _a(Sirsi) u87166
041 _aeng
245 _aBuy-to-let rockets
260 _c1998
350 _a0
490 _aNegotiator
_v13(13) 26 June 1998, 2(1)
520 _aThe ARLA buy-to-let scheme is growing with some lenders reporting growth in excess of 200 per cent.
650 _aASSOCIATION OF RESIDENTIAL LETTING AGENTS
650 _aBUY-TO-LET SCHEMES
650 _aGROWTH
690 _aHOUSING
942 _n0
948 _c02/07/1998
999 _c54950
_d54950